Saburo Okita <a> life in economic diplomacy

Guardado en:
Detalles Bibliográficos
Autor principal: Okita, Saburo
Formato: Libro
Lenguaje:inglés
Publicado: Canberra The Australia-Japan Research Centre 1993
Materias:
Etiquetas: Agregar Etiqueta
Sin Etiquetas, Sea el primero en etiquetar este registro!

MARC

LEADER 00000nam a2200000 4500
001 c115437
005 20230220124208.7
020 |a 0-86413-141-0 
041 0 |a eng 
044 |a AU 
245 1 0 |a Saburo Okita  |b <a> life in economic diplomacy  |c Saburo Okita 
264 1 |a Canberra  |b The Australia-Japan Research Centre  |c 1993 
300 |a 180 s. 
610 2 0 |a diplomacia 
610 2 0 |a vzťahy politické medzinárodné 
610 2 0 |a politika zahraničná 
610 2 0 |a politika svetová 
610 2 0 |a politika hospodárska 
610 2 0 |a politika hospodárska medzinárodná 
610 2 0 |a spolupráca hospodárska medzinárodná 
610 2 0 |a Japonsko 
610 2 0 |a USA 
610 2 0 |a Európa 
610 2 0 |a Ázia 
610 2 0 |a Čína 
610 2 0 |a Latinská Amerika 
100 1 |a Okita, Saburo